<?xml version="1.0" encoding="UTF-8"?>
<record
    xmlns:xsi="http://www.w3.org/2001/XMLSchema-instance"
    xsi:schemaLocation="http://www.loc.gov/MARC21/slim http://www.loc.gov/standards/marcxml/schema/MARC21slim.xsd"
    xmlns="http://www.loc.gov/MARC21/slim">

  <leader>00900nam a2200253Ia 4500</leader>
  <controlfield tag="005">20220216111514.0</controlfield>
  <controlfield tag="008">210716s2017    xx            000 0 und d</controlfield>
  <datafield tag="020" ind1=" " ind2=" ">
    <subfield code="a">9781259026812</subfield>
  </datafield>
  <datafield tag="040" ind1=" " ind2=" ">
    <subfield code="c">AIMIT LIBRARY</subfield>
  </datafield>
  <datafield tag="041" ind1=" " ind2=" ">
    <subfield code="a">eng</subfield>
  </datafield>
  <datafield tag="082" ind1=" " ind2=" ">
    <subfield code="a">658.804 </subfield>
    <subfield code="2">6</subfield>
    <subfield code="b">ZEIV</subfield>
  </datafield>
  <datafield tag="100" ind1=" " ind2=" ">
    <subfield code="a">Zeithaml, Valarie A.</subfield>
    <subfield code="9">20165</subfield>
  </datafield>
  <datafield tag="245" ind1=" " ind2=" ">
    <subfield code="a">Services marketing :</subfield>
    <subfield code="b">integrating customer focus across the firm /</subfield>
    <subfield code="c">By Valarie A Zeithaml...[et.al].</subfield>
  </datafield>
  <datafield tag="250" ind1=" " ind2=" ">
    <subfield code="a">6th ed.</subfield>
  </datafield>
  <datafield tag="260" ind1=" " ind2=" ">
    <subfield code="a">Chennai :</subfield>
    <subfield code="b">Tata McGraw Hill Education Private Limited ,</subfield>
    <subfield code="c">2017.</subfield>
  </datafield>
  <datafield tag="300" ind1=" " ind2=" ">
    <subfield code="a">Xxxii, 711p. ;</subfield>
    <subfield code="c">24 cm.</subfield>
  </datafield>
  <datafield tag="650" ind1=" " ind2=" ">
    <subfield code="a">Service innovation and design</subfield>
    <subfield code="9">20166</subfield>
  </datafield>
  <datafield tag="650" ind1=" " ind2=" ">
    <subfield code="a">Physical evidence and the servicescape</subfield>
    <subfield code="9">20167</subfield>
  </datafield>
  <datafield tag="650" ind1=" " ind2=" ">
    <subfield code="a">Integrated service marketing communications</subfield>
    <subfield code="9">20168</subfield>
  </datafield>
  <datafield tag="700" ind1=" " ind2=" ">
    <subfield code="a">Bitner, Mary Jo.</subfield>
    <subfield code="9">20169</subfield>
  </datafield>
  <datafield tag="700" ind1=" " ind2=" ">
    <subfield code="a">Gremler, Dwayne D.</subfield>
    <subfield code="9">20170</subfield>
  </datafield>
  <datafield tag="700" ind1=" " ind2=" ">
    <subfield code="a">Pandit, Ajay.</subfield>
    <subfield code="9">20171</subfield>
  </datafield>
  <datafield tag="942" ind1=" " ind2=" ">
    <subfield code="2">ddc</subfield>
    <subfield code="c">BK</subfield>
    <subfield code="e">6th</subfield>
    <subfield code="k">658.804 ZEIV</subfield>
  </datafield>
  <datafield tag="999" ind1=" " ind2=" ">
    <subfield code="c">210375</subfield>
    <subfield code="d">210375</subfield>
  </datafield>
  <datafield tag="952" ind1=" " ind2=" ">
    <subfield code="0">0</subfield>
    <subfield code="1">0</subfield>
    <subfield code="2">ddc</subfield>
    <subfield code="4">0</subfield>
    <subfield code="7">0</subfield>
    <subfield code="8">MBA</subfield>
    <subfield code="a">AIMIT</subfield>
    <subfield code="b">AIMIT</subfield>
    <subfield code="d">2018-02-09</subfield>
    <subfield code="g">775.00</subfield>
    <subfield code="i">Bill no:4021; Bill dt:2018-02-09</subfield>
    <subfield code="l">2</subfield>
    <subfield code="o">658.804 ZEIV</subfield>
    <subfield code="p">MBA12943</subfield>
    <subfield code="r">2026-05-23 00:00:00</subfield>
    <subfield code="s">2024-08-03</subfield>
    <subfield code="v">581.25</subfield>
    <subfield code="w">2021-07-16</subfield>
    <subfield code="y">BK</subfield>
  </datafield>
  <datafield tag="952" ind1=" " ind2=" ">
    <subfield code="0">0</subfield>
    <subfield code="1">0</subfield>
    <subfield code="2">ddc</subfield>
    <subfield code="4">0</subfield>
    <subfield code="7">0</subfield>
    <subfield code="8">MBA</subfield>
    <subfield code="a">AIMIT</subfield>
    <subfield code="b">AIMIT</subfield>
    <subfield code="d">2019-02-14</subfield>
    <subfield code="g">775.00</subfield>
    <subfield code="i">Bill no:4021; Bill dt:2019-02-09</subfield>
    <subfield code="l">0</subfield>
    <subfield code="o">658.804 ZEIV</subfield>
    <subfield code="p">MBA12944</subfield>
    <subfield code="r">2026-05-23 00:00:00</subfield>
    <subfield code="v">581.25</subfield>
    <subfield code="w">2021-07-16</subfield>
    <subfield code="y">BK</subfield>
  </datafield>
  <datafield tag="952" ind1=" " ind2=" ">
    <subfield code="0">0</subfield>
    <subfield code="1">0</subfield>
    <subfield code="2">ddc</subfield>
    <subfield code="4">0</subfield>
    <subfield code="7">0</subfield>
    <subfield code="8">MBA</subfield>
    <subfield code="a">AIMIT</subfield>
    <subfield code="b">AIMIT</subfield>
    <subfield code="d">2018-02-14</subfield>
    <subfield code="g">775.00</subfield>
    <subfield code="i">Bill no:4021; Bill dt:2018-02-09</subfield>
    <subfield code="l">0</subfield>
    <subfield code="o">658.804 ZEIV</subfield>
    <subfield code="p">MBA12945</subfield>
    <subfield code="r">2026-05-23 00:00:00</subfield>
    <subfield code="v">581.25</subfield>
    <subfield code="w">2021-07-16</subfield>
    <subfield code="y">BK</subfield>
  </datafield>
  <datafield tag="952" ind1=" " ind2=" ">
    <subfield code="0">0</subfield>
    <subfield code="1">0</subfield>
    <subfield code="2">ddc</subfield>
    <subfield code="4">0</subfield>
    <subfield code="7">0</subfield>
    <subfield code="8">MBA</subfield>
    <subfield code="a">AIMIT</subfield>
    <subfield code="b">AIMIT</subfield>
    <subfield code="d">2018-02-14</subfield>
    <subfield code="g">775.00</subfield>
    <subfield code="i">Bill no:4021; Bill dt:2018-02-09</subfield>
    <subfield code="l">1</subfield>
    <subfield code="o">658.804 ZEIV</subfield>
    <subfield code="p">MBA12946</subfield>
    <subfield code="r">2026-05-23 00:00:00</subfield>
    <subfield code="s">2022-09-24</subfield>
    <subfield code="v">581.25</subfield>
    <subfield code="w">2021-07-16</subfield>
    <subfield code="y">BK</subfield>
  </datafield>
  <datafield tag="952" ind1=" " ind2=" ">
    <subfield code="0">0</subfield>
    <subfield code="1">0</subfield>
    <subfield code="2">ddc</subfield>
    <subfield code="4">0</subfield>
    <subfield code="7">0</subfield>
    <subfield code="8">MBA</subfield>
    <subfield code="a">AIMIT</subfield>
    <subfield code="b">AIMIT</subfield>
    <subfield code="d">2018-02-14</subfield>
    <subfield code="g">775.00</subfield>
    <subfield code="i">Bill no:4021; Bill dt:2018-02-09</subfield>
    <subfield code="l">3</subfield>
    <subfield code="o">658.804 ZEIV</subfield>
    <subfield code="p">MBA12947</subfield>
    <subfield code="r">2026-05-23 00:00:00</subfield>
    <subfield code="s">2022-09-12</subfield>
    <subfield code="v">581.25</subfield>
    <subfield code="w">2021-07-16</subfield>
    <subfield code="y">BK</subfield>
  </datafield>
  <datafield tag="952" ind1=" " ind2=" ">
    <subfield code="0">0</subfield>
    <subfield code="1">0</subfield>
    <subfield code="2">ddc</subfield>
    <subfield code="4">0</subfield>
    <subfield code="7">0</subfield>
    <subfield code="8">MBA</subfield>
    <subfield code="a">AIMIT</subfield>
    <subfield code="b">AIMIT</subfield>
    <subfield code="d">2018-02-14</subfield>
    <subfield code="g">775.00</subfield>
    <subfield code="i">Bill no:4021; Bill dt:2018-02-09</subfield>
    <subfield code="l">1</subfield>
    <subfield code="o">658.804 ZEIV</subfield>
    <subfield code="p">MBA12948</subfield>
    <subfield code="r">2026-05-23 00:00:00</subfield>
    <subfield code="s">2022-05-20</subfield>
    <subfield code="v">581.25</subfield>
    <subfield code="w">2021-07-16</subfield>
    <subfield code="y">BK</subfield>
  </datafield>
  <datafield tag="952" ind1=" " ind2=" ">
    <subfield code="0">0</subfield>
    <subfield code="1">0</subfield>
    <subfield code="2">ddc</subfield>
    <subfield code="4">0</subfield>
    <subfield code="7">0</subfield>
    <subfield code="8">MBA</subfield>
    <subfield code="a">AIMIT</subfield>
    <subfield code="b">AIMIT</subfield>
    <subfield code="d">2018-02-14</subfield>
    <subfield code="g">775.00</subfield>
    <subfield code="i">Bill no:4021; Bill dt:2018-02-09</subfield>
    <subfield code="l">3</subfield>
    <subfield code="o">658.804 ZEIV</subfield>
    <subfield code="p">MBA12949</subfield>
    <subfield code="r">2026-05-23 00:00:00</subfield>
    <subfield code="s">2022-08-29</subfield>
    <subfield code="v">581.25</subfield>
    <subfield code="w">2021-07-16</subfield>
    <subfield code="y">BK</subfield>
  </datafield>
  <datafield tag="952" ind1=" " ind2=" ">
    <subfield code="0">0</subfield>
    <subfield code="1">0</subfield>
    <subfield code="2">ddc</subfield>
    <subfield code="4">0</subfield>
    <subfield code="7">0</subfield>
    <subfield code="8">MBA</subfield>
    <subfield code="a">AIMIT</subfield>
    <subfield code="b">AIMIT</subfield>
    <subfield code="d">2018-02-14</subfield>
    <subfield code="g">775.00</subfield>
    <subfield code="i">Bill no:4021; Bill dt:2018-02-09</subfield>
    <subfield code="l">1</subfield>
    <subfield code="o">658.804 ZEIV</subfield>
    <subfield code="p">MBA12950</subfield>
    <subfield code="r">2026-05-23 00:00:00</subfield>
    <subfield code="s">2022-09-16</subfield>
    <subfield code="v">581.25</subfield>
    <subfield code="w">2021-07-16</subfield>
    <subfield code="y">BK</subfield>
  </datafield>
  <datafield tag="952" ind1=" " ind2=" ">
    <subfield code="0">0</subfield>
    <subfield code="1">0</subfield>
    <subfield code="2">ddc</subfield>
    <subfield code="4">0</subfield>
    <subfield code="7">0</subfield>
    <subfield code="8">MBA</subfield>
    <subfield code="a">AIMIT</subfield>
    <subfield code="b">AIMIT</subfield>
    <subfield code="d">2018-02-14</subfield>
    <subfield code="g">775.00</subfield>
    <subfield code="i">Bill no:4021; Bill dt:2018-02-09</subfield>
    <subfield code="l">5</subfield>
    <subfield code="o">658.804 ZEIV</subfield>
    <subfield code="p">MBA12951</subfield>
    <subfield code="r">2026-05-23 00:00:00</subfield>
    <subfield code="s">2024-08-20</subfield>
    <subfield code="v">581.25</subfield>
    <subfield code="w">2021-07-16</subfield>
    <subfield code="y">BK</subfield>
  </datafield>
  <datafield tag="952" ind1=" " ind2=" ">
    <subfield code="0">0</subfield>
    <subfield code="1">0</subfield>
    <subfield code="2">ddc</subfield>
    <subfield code="4">0</subfield>
    <subfield code="7">3</subfield>
    <subfield code="8">MBA</subfield>
    <subfield code="a">AIMIT</subfield>
    <subfield code="b">AIMIT</subfield>
    <subfield code="d">2018-02-14</subfield>
    <subfield code="g">775.00</subfield>
    <subfield code="i">Bill no:4021; Bill dt:2018-02-09</subfield>
    <subfield code="l">0</subfield>
    <subfield code="o">658.804 ZEIV</subfield>
    <subfield code="p">MBA12952</subfield>
    <subfield code="r">2025-07-21 00:00:00</subfield>
    <subfield code="v">581.25</subfield>
    <subfield code="w">2021-07-16</subfield>
    <subfield code="y">BK</subfield>
  </datafield>
</record>
